Statistiques concernant Top 10 des films français ayant rapporté le plus d'argent

Cliquez ici pour prendre le quiz!

Statistiques générales

  • Ce quiz a été pris 121 fois
  • Le résultat moyen est 4 sur 10

Statistiques - réponses

RevenueDate de sortieRéalisateurRéponse% Correct
426 588 510 $2011Éric Toledano et Olivier NakacheIntouchables
79%
245 144 417 $2008Dany BoonBienvenue chez les Ch'tis
77%
458 863 600 $2014Luc BessonLucy
55%
263 920 180 $1997Luc BessonLe Cinquième Élément
41%
176 404 493 $2014Philippe de ChauveronQu'est-ce qu'on a fait au bon dieu ?
36%
225 874 228 $2017Luc BessonValérian et La Cité des Mille Planètes
35%
173 921 954 $2001Jean-Pierre JeunetLe Fabuleux Destin d'Amélie Poulain
29%
226 837 760 $2008Pierre MorelTaken
10%
376 141 306 $2012Olivier MegatonTaken 2
9%
326 479 141 $2015Olivier MegatonTaken 3
9%

Distribution des résultats

Percentile par nombre de réponses

% des personnes avec chaque résultat

Votre développement - résultats

Vous n’avez pas pris ce quiz